| 000 | 00645 a2200193 4500 | ||
|---|---|---|---|
| 005 | 20240516105848.0 | ||
| 010 | _aB-759054 | ||
| 020 |
_a8176480231 _c500.00 |
||
| 035 | _aB-759054 | ||
| 037 | _bGift/Unesco | ||
| 082 | _a338.91 | ||
| 100 |
_aMeher, Rajkishor _966263 |
||
| 245 |
_aDevelopment Disparities in A backward Region (A District Level Analysis)/ _cRajkishore Meher |
||
| 260 |
_aNew Delhi _bA.P.H Publishing Corporation _c1999 |
||
| 270 |
_a5, Ansari Road ,Darya Ganj _bNew Delhi _e110002 |
||
| 300 |
_a252 p. _c23cm (Hb) |
||
| 942 |
_adpl _cEN _2ddc _h338.91 _mMEH |
||
| 999 |
_c202879 _d202879 |
||